| 000 | 00970nam a22002657a 4500 | ||
|---|---|---|---|
| 005 | 20110512120519.0 | ||
| 008 | 110512t xxu||||| |||| 00| 0 eng d | ||
| 010 | _aENG-102458 | ||
| 020 |
_a9788174466693 _c495.00 |
||
| 035 | _aEN-85991 | ||
| 037 | _bDBAD/PUB | ||
| 040 |
_adpl _bEng |
||
| 082 | _a338.954 | ||
| 100 | _925528 | ||
| 245 |
_aGlobalization and sectoral development / _cedited by Raj Agrawal, Rashmi Banga [and] A.N. Bhattacharya |
||
| 260 |
_aNew Delhi _bExcel Books _c2008 |
||
| 270 |
_aA-45, Naraina, Phase-1 _bNew Delhi _e110028 |
||
| 300 |
_axvi, 360 p. : _c23cm (pbk) _bill |
||
| 500 | _aIncludes bibliographical references | ||
| 700 |
_928039 _aAgrawal, Raj |
||
| 700 |
_aBanga, Rashmi _928063 |
||
| 700 |
_aBhattacharya, A.N. _928068 |
||
| 942 |
_2ddc _cEN _h338.954 _mGLO |
||
| 999 |
_c52390 _d52390 |
||